000 00501 a2200193 4500
005 20250428102023.0
008 250428b |||||||| |||| 00| 0 eng d
020 _a9788178246505
_cRs. 795.00
040 _aMAIN
082 _a305.6943
_bL74E
100 _aLiu, Xinru
245 _aEarly Buddhist society: The world of Gautama Buddha
260 _bPermanent Black
_c2022
_aRanikhet
300 _axv, 207
650 _aSociology
650 _aCulture
700 _aBuddha, Gautama
942 _cBK
999 _c361009
_d361009